000 00631nam a2200253Ia 4500
003 OSt
005 20221006151816.0
006 a|||||r|||| 00| 0
007 ta
008 221006b |||||||| |||| 00| 0 eng d
020 _c1054.00
024 _a23,440
037 _cTextual
040 _aEASL
_cEASL
_beng
041 _2eng
_aeng
082 _aX65a41.N82, M2
245 0 _aGuide to investment in China
260 _aHongkong
_bEconomic Information and Agency
_c1982
300 _a363p.
_ccm.
490 _v BB
650 _aCEL
942 _hX65a41.N82, M2
_cTEXL
_2CC
999 _c1091526
_d1091526